Catálogo

El final de Salinas / (Registro nro. 29988)

Detalles MARC
000 -LEADER
fixed length control field 00964cam a2200301 i 4500
001 - CONTROL NUMBER
control field 29988
003 - CONTROL NUMBER IDENTIFIER
control field Mx-PuUPA
005 - DATE AND TIME OF LATEST TRANSACTION
control field 20251024090427.0
008 - FIXED-LENGTH DATA ELEMENTS--GENERAL INFORMATION
fixed length control field 140415s1993 mx d gr 000 0 spa d
020 ## - INTERNATIONAL STANDARD BOOK NUMBER
International Standard Book Number 9681325427
040 ## - CATALOGING SOURCE
Original cataloging agency Mx-PuUPA
Language of cataloging spa
Transcribing agency Mx-PuUPA
Modifying agency Mx-PuUPA
Description conventions rda
041 0# - LANGUAGE CODE
Language code of text/sound track or separate title spa
100 1# - MAIN ENTRY--PERSONAL NAME
Personal name Pazos, Luis,
Dates associated with a name 1947-
Relator term autor
9 (RLIN) 5918
245 13 - TITLE STATEMENT
Title El final de Salinas /
Statement of responsibility, etc. Luis Pazos
250 ## - EDITION STATEMENT
Edition statement Primera edición
264 #1 - PRODUCTION, PUBLICATION, DISTRIBUTION, MANUFACTURE, AND COPYRIGHT NOTICE
Place of production, publication, distribution, manufacture México, D.F. :
Name of producer, publisher, distributor, manufacturer Editorial Diana,
Date of production, publication, distribution, manufacture, or copyright notice 1993
300 ## - PHYSICAL DESCRIPTION
Extent 231 páginas :
Other physical details ilustraciones ;
Dimensions 21 cm
336 ## - CONTENT TYPE
Fuente rdacontent
Content type term texto
Content type code txt
337 ## - MEDIA TYPE
Source rdamedia
Media type term sin medio
Media type code n
338 ## - CARRIER TYPE
Source rdacarrier
Carrier type term volumen
Carrier type code nc
500 ## - GENERAL NOTE
General note "Entre la recesión y la devaluación". -- Cubierta.
650 #7 - SUBJECT ADDED ENTRY--TOPICAL TERM
Topical term or geographic name entry element Política económica de México
Source of heading or term armarc
650 #7 - SUBJECT ADDED ENTRY--TOPICAL TERM
Topical term or geographic name entry element Política económica
Source of heading or term armarc
651 #4 - SUBJECT ADDED ENTRY--GEOGRAPHIC NAME
Geographic name México
9 (RLIN) 11833
942 ## - ADDED ENTRY ELEMENTS (KOHA)
Source of classification or shelving scheme Dewey Decimal Classification
Classification part 351.00313
Item part P348
Koha item type Libro
Existencias
Withdrawn status Lost status Source of classification or shelving scheme Damaged status Not for loan Collection code Home library Current library Shelving location Date acquired Source of acquisition Total Checkouts Full call number Barcode Date last seen Price effective from Koha item type
    Dewey Decimal Classification     General Biblioteca Karol Wojtyla Biblioteca Karol Wojtyla Sala general 03/12/2013 Compra   351.00313 P348 1993 50440 05/01/2026 03/12/2013 Libro